Les races de chevaux et de poneys par pays d'origine - Statistiques

Statistiques générales
  • Ce quiz a été pris 42 fois
  • Le résultat moyen est 7 sur 92
Statistiques - réponses
Continent Pays Race(s) % Correct
Amérique Etats-Unis Abstang | Blazer | Camarillo | Carolina Marsh Tacky | Cherokee | Chincoteague | Choctaw | Colorado ranger | Cheval crème | Cheval de l'île de Cumberland | Curly | Florida cracker horse | Georgian grande | Cheval de Hegardt et Stroebel | Kentucky | Kiger | Lippitt Morgan | Fox-trotter du Missouri | Montana | Morab | Morgan | Moutain pleasure horse | Moyle | Mustang | National show horse | Cheval des Nez Percés | Nokota | Cheval des Outer Banks | Paint horse | Pïntabian | Quarab | Quarter horse | Racking horse | Rocky mountain horse | Saddlebred | Spanish Jennet | Spanish norman | Sportaloosa | Spotted saddle horse | Standardbred | Sugarbush | Sulphur | Tennessee walker | Virginia Highlander | Walkaloosa | Welara
62%
Europe Royaume-Uni Drum horse | Anglo-arabe | Carneddau | Bai de Cleveland | Clydesdale | Dales | Dartmoor | Eriskay | Exmoor | Fell | Cob gypsy | Hackney | Highland | Lundy | Miniature toy | New forest | Pur-sang | Shetland | Shire | Suffolk punch | Welara | Welsh
62%
Europe France Anglo-arabe | AQPS | Arabo-boulonnais | Ardennais | Cheval d'Auvergne | Auxois | Boulonnais | Breton | Camargue | Cob normand | Comtois | Cheval corse | Henson | Landais | Cheval de Megève | Mérens | Cheval de Miquelon | Trait du Nord | Percheron | Poitevin mulassier | Pottok | Cheval du Vercors de Barraquand
59%
Europe Portugal Açores | Garrano | Lusitanien | Sorraia
44%
Europe Allemagne Leutslettener | Hanovrien | Cheval de Heck | Holsteiner | Lehmkuhlener | Lewitzer | Liebenthaler | Mecklembourgeois | Oldebourg | Platz-ardenner | Rhénan | Rottaler | Saxe-Thuringe | Schleswig | Senner | Trakehner | Westphalien | Hessois | Saxe-Anhalt | Thuringe | Wurttemberger | Zweibrucker | Bavarois | Beberbecker | Brandebourgeois | Davertnickel | Edles Warmblut | Emscherbrucher | Aegidienberger | Alt-Wurttemberger | Trait de l'Altmark | Appaloosa européen | Arabo-Haflinger | Arenberg-Nordkirchener | Dulmen | Edelbluthaflinger | Trait de la Forêt noire | Frison oriental
41%
Europe Norvège Fjord | Nordlandshest | Dole
38%
Europe Autriche Medimurje | Arabo-Haflinger | Lipizzan | Noriker | Abtenauer | Haflinger
32%
Afrique Algérie Arabe-Barbe | Barbe
29%
Europe Irlande Connemara | Cob Gypsy | Kerry bog | Cushendale
26%
Europe Belgique Flamand | Aratel | Ardennais | Brabançon | Condroz | BWP
26%
Amérique Argentine Petiso | Polo | Bagual | Bergmann | Criollo | Falabella
24%
Asie Inde Sikang | Jata | Kathiawari | Poney de Manipur | Marwari | Spiti | Unmol | Zanskari | Bhotia | Deccani
21%
Océanie Australie Stock horse | Brumby | Coffin Bay Brumby | Sportaloosa | Warlander
21%
Afrique Maroc Anglo-arabe | Arabe-barbe | Barbe
18%
Europe Pays-Bas Appaloosa | Arabo-Frison | Barock Pinto | Flamand | Frison | Gelderland | Groningen | KWPN | Tuigpaard | NRPS
18%
Europe Italie Lipizzan | Haflinger | Anglo-arabe | Appenninico | Bardigiano | Calabrais | Catria | Cheval du Delta | Poney de l'Esperia | Giara | Giarab | Maremmano | Poney de Monterufoli | Murgese | Napolitain | Pentro | Persano | Romano della Maremma Laziale | Salernitano | Samolaco | Sanfratellano | Sarcidano | Siciliano | Tolfetano | Ventasso
18%
Amérique Pérou Andin | Chumbivilcas | Paso
12%
Afrique Egypte Arabe | Baladi
12%
Afrique Tunisie Arabe-Barbe | Barbe | Poney des Mogods | Nefza
12%
Europe/Asie Russie Altaï | Anglo-kabarde | Bachkir | Doudienny | Bouriate | Baïkal | Chumysh | Daghestan | Don | Iakoute | Kabardin | Kalmouk | Karachai | Kouznetsk | Megezh | Mezen | Minoussinsk | Narym | Ob | Orlov | Orlov-Rostopchin | Panje | Petchora | Tavda | Tchernomor | Tersk | Touva | Transbaïkal | Viatka | Vladimir | Voronej
9%
Asie Jordanie Arabe
6%
Asie Iran Arabe | Bakhtiari | Basseri | Caspien | Darashouri | Jaf | Kurde | Cheval du plateau persan | Tchenaran | Nisaen
6%
Afrique Libye Arabe-Barbe | Barbe
6%
Asie Irak Arabe | Kurde
6%
Asie Syrie Arabe | Kurde
6%
Afrique Afrique-du-sud Boer | Nooitgedacht | Selle sud-africain | Vlaamperd
6%
Europe Pologne Panje | Silésien | Sokolski | Sztumski | Wielkopolski | Mazurien | Bilgoraj | Felinski | Huçul | Konik | Malopolski
6%
Europe Biélorussie Polesskaya
6%
Europe Espagne Pottok | Asturcon | Cheval des montagnes du Pays basque | Burguete | Galicien | Jaca Navarra | Losino | Mallorquin | Marismena | Minorquin | Monchina | Pyrénées catalanes | Retuertas | Serrano
6%
Europe Danemark Schleswig | Oldenbourg danois | Féroé | Frederiksborg | Jutland | Knabstrup
6%
Afrique Ethiopie Abyssinien | Bale | Borana | Horro | Kafa | Kundudo | Selale | Wilwal
3%
Asie Turkménistan Akhal-Teké | Jomud
3%
Europe Suède Ardennais-Suèdois | Gotland
3%
Afrique Niger Aréwa | Ader | Djerma | Bagzan | Dongola | Nigérian | Soudanais
3%
Afrique Nigeria Bhirum | Koto-koli | Bornu
3%
Amérique Paraguay Criollo
3%
Amérique Uruguay Criollo
3%
Amérique Venezuela Criollo
3%
Amérique Mexique Criollo militar | Galiceno | La Silla | Cheval de la Sierra Tarahumara | Aztèque
3%
Afrique Centrafrique Dongola
3%
Afrique Erythrée Dongola
3%
Afrique Mali Dongola | Bélédougou | Hodh | Nigérian
3%
Afrique Soudan Dongola | Gharkawi | Tawleed
3%
Afrique Cameroun Dongola | Logone
3%
Afrique Tchad Dongola | Logone | Bahr el-Ghazal | Kréda | Ganaston
3%
Afrique Mauritanie Hodh | Arabe-Barbe
3%
Europe Roumanie Huçul | Banat | Bucovine | Cheval du delta du Danube
3%
Afrique Bénin Koto-koli
3%
Afrique Togo Koto-koli
3%
Afrique Burkina Faso Koto-koli | Bobo | Mossi
3%
Europe Tchéquie Lipizzan | Kinsky | Kladruber | Morave | Noriker silésien
3%
Amérique Bolivie Sunicho
3%
Asie Chine Abaga | Baise | Balikun | Bohai | Chaidamu | Chayouki | Erlunchun | Ganzi | Guanzhong | Guoxia | Guizhou | Heihe | Heilongjiang | Henan | Hequ | Haomeng | Jiangchang | Jilin | Jinjiang | Kerqin | Lichuan | Ningqiang | Sanhe | Shandan | Sikang | Tieling | Ujumqin | Wenshan | Wushen | Xiangfen | Xilinguole | Xinihe | Yanqi | Yili | Yiwu | Yongning | Yunnan | Yushu | Zhongdian | Cheval de Nangchen | Cheval de Riwoché
0%
Asie Kazakhstan Adaev | Altaï | Kushum | Kustanair
0%
Europe Grèce Aénos | Andravida | Aravani | Axios | Crétois | Midilli | Pénée | Pindos | Rhodos | Rodope | Skyros | Thessalien | Zakynthos
0%
Europe/Asie Géorgie Anglo-kabarde | Daghestan | Djavakhéti | Megruli | Touchine
0%
Europe Luxembourg Ardennais
0%
Amérique Chili Bagual | Chilote
0%
Asie Philippines Baguio | Tagaytay
0%
Amérique Brésil Baixadeiro | Campeiro | Campolina | Corajoso | Crioulo | Lavradeiro | Mangalarga marchador | Mangalarga paulista | Marajoara | Nordestin | Pampa | Pantaneiro | Piquira | Puruca
0%
Asie Malaisie Bajau | Kuda Padi
0%
Asie Indonésie Bali | Batak | Deli | Baduk | Baduck | Poney de Bornéo | Flores | Gayo | Java | Kuda-Pacu | Kuningan | Lombock | Macassar | Minahasa | Padang | Priangan | Sandalwood | Sumba | Sumbar-Sandel-Arabe | Sumbawa
0%
Asie Japon Ban'ei | Hokkaïdo washu | Kandachime | Kiso | Misaki | Miyako | Noma | Taishuh | Tokara | Yonaguni
0%
Asie Népal Bhotia | Tarai | Jumli
0%
Asie Vietnam Cabadin | Hmong | Ngua Noi
0%
Asie Corée-du-sud Cheju | Halla
0%
Asie Mongolie Darkhad | Galshar | Myangad | Ondorshil | Tes
0%
Asie Afghanistan Dawand | Habash | Herati | Kohband | Marazi | Qatgani | Qazal | Samand | Tooraq | Tukestani | Waziri | Yabu | Yargha | Borta
0%
Europe Suisse Franches-montagnes | Einsiedeln
0%
Asie Tibet Ganzi | Hequ | Sikang | Yushu | Cheval de Nangchen | Cheval de Riwoché
0%
Europe/Asie Azerbaïdjan Guba | Karabakh | Shirvan | Deliboz | Karabakh
0%
Asie Bhoutan Jata | Bhotia | Merak-Saktenpata | Yuta
0%
Asie Yémen Jofi | Abou'ourquob | Oumarqoub | Giawf
0%
Asie Ouzbékistan Karabaïr | Ferghana
0%
Asie Tadjikistan Karabaïr | Lokaï
0%
Asie Corée-du-nord Kwangok
0%
Europe Hongrie Lipizzan | Huçul | Furioso-North Star | Kisber Felver | Leutslettener | Medimurje | Nonius | Shagya | Gidran
0%
Europe Croatie Medimurje | Lipizzan | Posavina | Poney de l'île de Krk
0%
Europe Slovénie Medimurje | Posavina
0%
Europe/Asie Turquie Midilli | Alaca | Anatolien | Canik | Cukurova
0%
Asie Kirghizistan Novokirghize
0%
Europe Ukraine Panje | Huçul | Novoalexandrovsk
0%
Amérique Cuba Paso | Patibarcino | Pinto
0%
Amérique Canada Poney de l'île de Sable | Poney de Terre-Neuve | Pinto
0%
Asie Bangladesh Poney de Râjshâhî
0%
Europe Bosnie-Herzégovine Posavina | Busa
0%
Europe Bulgarie Rodope | Karakatchan | Pleven
0%
Asie Birmanie Shan
0%
Océanie Nouvelle-Zélande Sportaloosa | Kaimanawa
0%
Europe Estonie Tori
0%
Asie Pakistan Unmol | Kajlan | Makra | Morna | Siaen | Waziri | Baloutche | Hirzai
0%
Europe Lituanie Zemaitukas
0%
Aucun quiz correspondant
Distribution des résultats
% des personnes avec chaque résultat
Percentile par nombre de réponses
Votre historique - résultats
Vous n’avez pas pris ce quiz